La Colombie pour les touristes... - Facile - Statistiques

Statistiques générales
  • Ce quiz a été pris 34 fois
  • Le résultat moyen est 10 sur 20
Statistiques - réponses
Question Indice Réponses Version facile % Correct
Quelle est la langue officielle ? Espagnol
97%
Le principal aéroport est B Bogota GOBATO
87%
Avez-vous besoin d'un visa ? (oui/non) Non
87%
Dans la capitale quel est le décalage horaire avec Paris ? (+ ou - et chiffre) ex - 10 - 7
81%
La conduite se fait à droite ou à gauche ? Droite
81%
Le suffixe internet est co
65%
Combien d'heures (environ) mettrez-vous pour vous y rendre ? (en chiffres) 14
61%
La vitesse est limitée hors des villes à {80} km/h
61%
Quel est le climat local ? E Equatorial
58%
La religion majoritaire est Catholicisme c
55%
Achats à faire 4/ Pour le repos Hamac MACHA
48%
Quelle est la monnaie ? Peso colombien P
42%
Comment se nomme la principale compagnie aérienne locale A Avianca AVANCAI
35%
Achats à faire 1/ Alcool Aguardiente DAGUERAIENT
23%
Quelles sont les principaux lieux touristiques ? C {Cartagène} des Indes REAGENCAT
23%
Achats à faire 3/ Céramique de La Chamba CHAMBALA
13%
Quelles sont les principaux lieux touristiques ? T Parc {Tayrona} RAYANTO
13%
Achats à faire 5/ Véhicules miniature en Terre cuite CURETERITE
13%
Achats à faire 2/ Douceur à la Goyave Bocadillo DIALCOOLB
10%
Quelles sont les principaux lieux touristiques ? G Punta {Gallina} LINGALA
6%
Aucun quiz correspondant
Distribution des résultats
% des personnes avec chaque résultat
Percentile par nombre de réponses
Votre historique - résultats
Vous n’avez pas pris ce quiz